000 00428nam a2200181Ia 4500
001 16611
005 20260306170322.0
008 260306t2014||||xx |||||||||||||| ||und||
041 _aESP
082 _a348.8
_bM84
100 _aMontoya Castillo, Carlos Franco
_eAUT
245 0 _aEl despìdo laboral
260 _c2014
300 _a495 páginas :
_c25 cm.
650 _aGEN
654 _aCDE
942 _cLIB
_dJUS
_fJUS
_2ddc
_n
999 _c16611
_d16611